| 000 | 01424cam a2200361 a 4500 | ||
|---|---|---|---|
| 999 |
_c126394 _d126394 |
||
| 001 | 2041538 | ||
| 003 | ARRUPE | ||
| 005 | 20170411101419.0 | ||
| 008 | 920724s1991 sz b i000 0 eng | ||
| 010 | _a 92190579 | ||
| 020 | _a2831700744 | ||
| 040 |
_aDLC _cDLC _dDLC |
||
| 050 | 0 | 0 |
_aGF41 _b.C36 1991 |
| 051 |
_aGF41 _b.C36 1991 Summary |
||
| 082 | 0 | 0 |
_a304.2 _220 |
| 100 |
_aInternational Union for Conservation of Nature and Natural Resources _929785 |
||
| 245 | 0 | 0 |
_aCaring for the earth : _cInternational Union for Conservation of Nature and Natural Resources _ba strategy for sustainable living. |
| 260 |
_aGland, Switzerland : _bIUCN--the World Conservation Union : _bUnited Nations Environment Programme : _bWorld Wide Fund for Nature, _cc1991. |
||
| 300 |
_aiv, 228 p. ; _c27 cm. |
||
| 500 | _aAccompanied by: Summary. 24 p. ; 27 cm. | ||
| 504 | _aIncludes bibliographical references (p. 213-222). | ||
| 650 | 0 |
_aHuman ecology. _916936 |
|
| 650 | 0 |
_aSustainable development. _94997 |
|
| 650 | 0 |
_aNature conservation. _929786 |
|
| 650 | 0 |
_aSustainable living. _929787 |
|
| 710 | 2 |
_aInternational Union for Conservation of Nature and Natural Resources. _929785 |
|
| 710 | 2 |
_aUnited Nations Environment Programme. _928323 |
|
| 710 | 2 |
_aWorld Wide Fund for Nature. _929788 |
|
| 906 |
_a7 _bcbc _corignew _d2 _encip _f19 _gy-gencatlg |
||
| 942 |
_2lcc _cMONOGRAPH |
||